<?xml version="1.0" encoding="UTF-8"?>
<record
    xmlns:xsi="http://www.w3.org/2001/XMLSchema-instance"
    xsi:schemaLocation="http://www.loc.gov/MARC21/slim http://www.loc.gov/standards/marcxml/schema/MARC21slim.xsd"
    xmlns="http://www.loc.gov/MARC21/slim">

  <leader>01856nam1a2200373 i 4500</leader>
  <controlfield tag="001">RU\NLR\bibl\870288</controlfield>
  <controlfield tag="005">20260407092623.0</controlfield>
  <datafield tag="035" ind1=" " ind2=" ">
    <subfield code="a">(NLR Aleph) 000858912</subfield>
  </datafield>
  <datafield tag="090" ind1=" " ind2=" ">
    <subfield code="a">1527367</subfield>
    <subfield code="c">1527367</subfield>
  </datafield>
  <datafield tag="100" ind1=" " ind2=" ">
    <subfield code="a">20051110g20049999k  y0rusy50      ca</subfield>
  </datafield>
  <datafield tag="101" ind1="0" ind2=" ">
    <subfield code="a">rus</subfield>
  </datafield>
  <datafield tag="102" ind1=" " ind2=" ">
    <subfield code="a">RU</subfield>
  </datafield>
  <datafield tag="105" ind1=" " ind2=" ">
    <subfield code="a">||||z   |||||</subfield>
  </datafield>
  <datafield tag="200" ind1="1" ind2=" ">
    <subfield code="a">&#x418;&#x441;&#x442;&#x43E;&#x440;&#x438;&#x44F; &#x440;&#x443;&#x441;&#x441;&#x43A;&#x43E;&#x433;&#x43E; &#x441;&#x43B;&#x43E;&#x432;&#x430;</subfield>
    <subfield code="e">&#x43E;&#x43D;&#x43E;&#x43C;&#x430;&#x441;&#x442;&#x438;&#x43A;&#x430; &#x438; &#x441;&#x43F;&#x435;&#x446;&#x438;&#x430;&#x43B;&#x44C;&#x43D;&#x430;&#x44F; &#x43B;&#x435;&#x43A;&#x441;&#x438;&#x43A;&#x430; &#x421;&#x435;&#x432;&#x435;&#x440;&#x43D;&#x43E;&#x439; &#x420;&#x443;&#x441;&#x438;</subfield>
    <subfield code="e">[&#x43C;&#x435;&#x436;&#x432;&#x443;&#x437;&#x43E;&#x432;&#x441;&#x43A;&#x438;&#x439; &#x441;&#x431;&#x43E;&#x440;&#x43D;&#x438;&#x43A; &#x43D;&#x430;&#x443;&#x447;&#x43D;&#x44B;&#x445; &#x440;&#x430;&#x431;&#x43E;&#x442;]</subfield>
    <subfield code="f">&#x41C;-&#x432;&#x43E; &#x43E;&#x431;&#x440;&#x430;&#x437;&#x43E;&#x432;&#x430;&#x43D;&#x438;&#x44F; &#x420;&#x43E;&#x441;. &#x424;&#x435;&#x434;&#x435;&#x440;&#x430;&#x446;&#x438;&#x438;, &#x412;&#x43E;&#x43B;&#x43E;&#x433;. &#x433;&#x43E;&#x441;. &#x43F;&#x435;&#x434;. &#x443;&#x43D;-&#x442;</subfield>
    <subfield code="g">[&#x440;&#x435;&#x434;&#x43A;&#x43E;&#x43B;.: &#x43A;.&#x444;&#x438;&#x43B;&#x43E;&#x43B;.&#x43D;., &#x434;&#x43E;&#x446;. &#x421;. &#x41D;. &#x421;&#x43C;&#x43E;&#x43B;&#x44C;&#x43D;&#x438;&#x43A;&#x43E;&#x432; (&#x43E;&#x442;&#x432;. &#x440;&#x435;&#x434;.) &#x438; &#x434;&#x440;.]</subfield>
  </datafield>
  <datafield tag="210" ind1=" " ind2=" ">
    <subfield code="a">&#x412;&#x43E;&#x43B;&#x43E;&#x433;&#x434;&#x430;</subfield>
    <subfield code="c">&#x418;&#x437;&#x434;-&#x432;&#x43E; &#x413;&#x423; &#x412;&#x43E;&#x43B;&#x43E;&#x433;&#x43E;&#x434;&#x441;&#x43A;&#x438;&#x439; &#x41D;&#x418;&#x418;</subfield>
    <subfield code="d">2004</subfield>
  </datafield>
  <datafield tag="215" ind1=" " ind2=" ">
    <subfield code="d">21</subfield>
  </datafield>
  <datafield tag="463" ind1=" " ind2="0">
    <subfield code="1">001803434</subfield>
  </datafield>
  <datafield tag="463" ind1=" " ind2="0">
    <subfield code="1">0011227457</subfield>
  </datafield>
  <datafield tag="463" ind1=" " ind2="0">
    <subfield code="1">0011463923</subfield>
  </datafield>
  <datafield tag="606" ind1="0" ind2=" ">
    <subfield code="a">&#x420;&#x443;&#x441;&#x441;&#x43A;&#x438;&#x439; &#x44F;&#x437;&#x44B;&#x43A;</subfield>
    <subfield code="j">&#x421;&#x431;&#x43E;&#x440;&#x43D;&#x438;&#x43A;&#x438;</subfield>
    <subfield code="x">&#x418;&#x441;&#x442;&#x43E;&#x440;&#x438;&#x447;&#x435;&#x441;&#x43A;&#x430;&#x44F; &#x43B;&#x435;&#x43A;&#x441;&#x438;&#x43A;&#x43E;&#x43B;&#x43E;&#x433;&#x438;&#x44F;</subfield>
    <subfield code="9">1543637</subfield>
    <subfield code="3">RU\NLR\auth\66974412</subfield>
  </datafield>
  <datafield tag="606" ind1="0" ind2=" ">
    <subfield code="a">&#x420;&#x443;&#x441;&#x441;&#x43A;&#x438;&#x439; &#x44F;&#x437;&#x44B;&#x43A;</subfield>
    <subfield code="j">&#x421;&#x431;&#x43E;&#x440;&#x43D;&#x438;&#x43A;&#x438;</subfield>
    <subfield code="x">&#x41E;&#x43D;&#x43E;&#x43C;&#x430;&#x441;&#x442;&#x438;&#x43A;&#x430;</subfield>
    <subfield code="9">1542659</subfield>
    <subfield code="3">RU\NLR\auth\66973919</subfield>
  </datafield>
  <datafield tag="606" ind1="1" ind2=" ">
    <subfield code="a">&#x420;&#x443;&#x441;&#x441;&#x43A;&#x438;&#x439; &#x44F;&#x437;&#x44B;&#x43A;</subfield>
    <subfield code="j">&#x421;&#x431;&#x43E;&#x440;&#x43D;&#x438;&#x43A;&#x438;</subfield>
    <subfield code="x">&#x414;&#x438;&#x430;&#x43B;&#x435;&#x43A;&#x442;&#x44B; &#x441;&#x435;&#x432;&#x435;&#x440;&#x43E;-&#x440;&#x443;&#x441;&#x441;&#x43A;&#x438;&#x435;</subfield>
    <subfield code="9">1533201</subfield>
    <subfield code="3">RU\NLR\auth\66969153</subfield>
  </datafield>
  <datafield tag="686" ind1=" " ind2=" ">
    <subfield code="a">&#x428;141.12-0-3&#x44F;43</subfield>
  </datafield>
  <datafield tag="686" ind1=" " ind2=" ">
    <subfield code="a">&#x428;141.12-314&#x44F;43</subfield>
  </datafield>
  <datafield tag="686" ind1=" " ind2=" ">
    <subfield code="a">&#x428;141.12-512&#x44F;43</subfield>
  </datafield>
  <datafield tag="702" ind1=" " ind2="1">
    <subfield code="a">&#x421;&#x43C;&#x43E;&#x43B;&#x44C;&#x43D;&#x438;&#x43A;&#x43E;&#x432;</subfield>
    <subfield code="b">&#x421;. &#x41D;.</subfield>
    <subfield code="g">&#x421;&#x435;&#x440;&#x433;&#x435;&#x439; &#x41D;&#x438;&#x43A;&#x43E;&#x43B;&#x430;&#x435;&#x432;&#x438;&#x447;</subfield>
    <subfield code="4">340</subfield>
  </datafield>
  <datafield tag="712" ind1="0" ind2="2">
    <subfield code="4">570</subfield>
    <subfield code="a">&#x412;&#x43E;&#x43B;&#x43E;&#x433;&#x43E;&#x434;&#x441;&#x43A;&#x438;&#x439; &#x433;&#x43E;&#x441;&#x443;&#x434;&#x430;&#x440;&#x441;&#x442;&#x432;&#x435;&#x43D;&#x43D;&#x44B;&#x439; &#x43F;&#x435;&#x434;&#x430;&#x433;&#x43E;&#x433;&#x438;&#x447;&#x435;&#x441;&#x43A;&#x438;&#x439; &#x443;&#x43D;&#x438;&#x432;&#x435;&#x440;&#x441;&#x438;&#x442;&#x435;&#x442;</subfield>
    <subfield code="3">RU\NLR\AUTH\8820813</subfield>
    <subfield code="9">315359</subfield>
  </datafield>
  <datafield tag="801" ind1=" " ind2="0">
    <subfield code="a">RU</subfield>
    <subfield code="b">NLR</subfield>
    <subfield code="c">20051110</subfield>
    <subfield code="g">rcr</subfield>
  </datafield>
  <datafield tag="801" ind1=" " ind2="1">
    <subfield code="a">RU</subfield>
    <subfield code="b">NLR</subfield>
    <subfield code="c">20051110</subfield>
  </datafield>
  <datafield tag="830" ind1=" " ind2=" ">
    <subfield code="a">&#x420;&#x435;&#x434;. &#x43F;&#x43E; &#x44D;&#x43A;</subfield>
  </datafield>
  <datafield tag="852" ind1=" " ind2=" ">
    <subfield code="a">NLR</subfield>
    <subfield code="j">2005-3/19149</subfield>
  </datafield>
  <datafield tag="942" ind1=" " ind2=" ">
    <subfield code="c">BOOK</subfield>
  </datafield>
</record>
